000 00226nam a22000857a 4500
008 160808b xxu||||| |||| 00| 0 eng d
100 _965
_aGupta K K
245 _aScience & Technology-8
260 _aNew Delhi
_bFrank Publication
_c2010
999 _c2717
_d2717